First Impressions: American Muslim Perspectives on the 9/11 Commission Report / (Record no. 21334)
[ view plain ]
| 000 -LEADER | |
|---|---|
| fixed length control field | 00576nam a22001697a 4500 |
| 003 - CONTROL NUMBER IDENTIFIER | |
| control field | BDDh-ASL |
| 005 - DATE AND TIME OF LATEST TRANSACTION | |
| control field | 20231015030004.0 |
| 008 - FIXED-LENGTH DATA ELEMENTS--GENERAL INFORMATION | |
| fixed length control field | 210128s2004 us ||||| |||| 00| 0 eng d |
| 040 ## - CATALOGING SOURCE | |
| Original cataloging agency | BDDh-ASL |
| Transcribing agency | BDDh-ASL |
| 082 ## - DEWEY DECIMAL CLASSIFICATION NUMBER | |
| Classification number | 297.973 |
| Item number | AME |
| 110 1# - MAIN ENTRY--CORPORATE NAME | |
| 9 (RLIN) | 2949 |
| Corporate name or jurisdiction name as entry element | The American Muslim Task Force |
| 245 00 - TITLE STATEMENT | |
| Title | First Impressions: American Muslim Perspectives on the 9/11 Commission Report / |
| 260 ## - PUBLICATION, DISTRIBUTION, ETC. | |
| Place of publication, distribution, etc. | United States of America : |
| Name of publisher, distributor, etc. | The American Muslim Task Force, |
| Date of publication, distribution, etc. | 2004. |
| 300 ## - PHYSICAL DESCRIPTION | |
| Extent | 120 p. : |
| Dimensions | 22 cm. |
| 651 #0 - SUBJECT ADDED ENTRY--GEOGRAPHIC NAME | |
| 9 (RLIN) | 2950 |
| Geographic name | United States of America |
| General subdivision | Islam |
| -- | Muslim |
| 942 ## - ADDED ENTRY ELEMENTS (KOHA) | |
| Source of classification or shelving scheme | Dewey Decimal Classification |
| Koha item type | Books |
| Withdrawn status | Lost status | Source of classification or shelving scheme | Damaged status | Not for loan | Collection code | Home library | Current library | Shelving location | Date acquired | Source of acquisition | Total Checkouts | Full call number | Barcode | Date last seen | Copy number | Price effective from | Koha item type |
|---|---|---|---|---|---|---|---|---|---|---|---|---|---|---|---|---|---|
| Dewey Decimal Classification | Non-fiction | Asiatic Society Library | Asiatic Society Library | General Stacks | 01/28/2021 | Complementary | 297.973 AME | 105033 | 01/28/2021 | C-1 | 01/28/2021 | Books |